Pokémon - Générique saison 6 (Paroles) - Statistiques

Statistiques générales
  • Ce quiz a été pris 559 fois
  • Le résultat moyen est 67 sur 83
Statistiques - réponses
Paroles % Correct
Pokémon
96%
Pokémon
96%
Je
94%
Je
94%
Je
94%
Je
94%
Je
94%
Je
94%
a
93%
à
93%
à
93%
a
93%
de
92%
de
92%
de
92%
le
91%
un
89%
un
89%
un
89%
un
89%
un
89%
les
86%
me
86%
moi
84%
moi
84%
tous
83%
devenir
82%
devenir
82%
devenir
82%
en
82%
Il
82%
Il
82%
veux
82%
veux
82%
veux
82%
héros
81%
héros
81%
héros
81%
héros
81%
tout
81%
y
81%
y
81%
Mes
80%
monde
80%
nouveau
80%
pour
79%
qui
79%
qui
79%
découvre
78%
ne
78%
Advance
77%
Au
77%
C'est
77%
est
77%
Bravant
76%
dangers
75%
gronde
75%
rêves
75%
sommeille
75%
apprendre
74%
décidera
74%
désir
74%
ferais
74%
fond
74%
l'avenir
74%
peut
74%
Rien
74%
S'il
74%
tant
74%
Tant
74%
temps
74%
grand
73%
m'appartiennent
73%
m'arrêter
73%
réussir
73%
livrer
72%
match
72%
repartir
72%
enfin
71%
triompher
71%
Pouvoir
69%
défendre
67%
saurais
66%
Aucun quiz correspondant
Distribution des résultats
% des personnes avec chaque résultat
Percentile par nombre de réponses
Votre historique - résultats
Vous n’avez pas pris ce quiz